[Event "54smm A Arci-Naturns"]
[Site "?"]
[Date "2023.03.11"]
[Round "9.6"]
[White "Addante, Francesco"]
[Black "Koellemann, Simon"]
[Result "1-0"]
[WhiteElo "1244"]
[BlackElo "1547"]
[PlyCount "79"]
[EventDate "2023.03.11"]

1. d4 d5 2. c4 e6 3. Nc3 Nf6 4. Bg5 dxc4 5. e3 c6 6. a4 a5 7. Bxc4 Be7 8. Nf3
O-O 9. O-O Na6 10. Qd2 Nb4 11. Rfd1 Nfd5 12. Bxe7 Qxe7 13. e4 Nf6 14. Rac1 Rd8
15. Qf4 b6 16. e5 Nfd5 17. Bxd5 Nxd5 18. Nxd5 cxd5 19. Rd3 Ba6 20. Rdc3 Rdc8
21. h3 h6 22. Nh2 Rxc3 23. Rxc3 b5 24. axb5 Bxb5 25. Rg3 Kf8 26. Ng4 Rc8 27.
Qd2 a4 28. Ra3 h5 29. Ne3 Qc7 30. Qb4+ Kg8 31. Qxb5 Rb8 32. Qxa4 Rxb2 33. Ra2
Qc1+ 34. Kh2 Rb1 35. Qe8+ Kh7 36. Qxf7 Kh6 37. Qxe6+ g6 38. Nf5+ Kg5 39. Qf6+
Kf4 40. Nd6# 1-0

[Event "54smm A Ehrenburg-Deutschnofen"]
[Site "?"]
[Date "2023.03.11"]
[Round "9.1"]
[White "Zamengo, Fulvio"]
[Black "Hengl, Christian"]
[Result "1-0"]
[WhiteElo "2330"]
[BlackElo "2136"]
[PlyCount "73"]
[EventDate "2023.03.11"]

1. e4 c6 2. d4 d5 3. f3 e6 4. Nc3 Bb4 5. Bd2 Nf6 6. e5 Nfd7 7. f4 c5 8. a3 Bxc3
9. Bxc3 cxd4 10. Qxd4 Nc6 11. Qe3 Qb6 12. Qxb6 Nxb6 13. O-O-O Bd7 14. b3 Rc8
15. Kb2 O-O 16. Nf3 f6 17. exf6 gxf6 18. Bd3 Rce8 19. Rde1 Nc8 20. g4 Nd6 21.
Rhg1 Kf7 22. Bxh7 d4 23. Nxd4 Nxd4 24. Bxd4 Nb5 25. Bc5 Rh8 26. g5 b6 27. Be3
e5 28. Bd3 Nd6 29. gxf6 e4 30. Rg7+ Ke6 31. Bd4 Bc6 32. Rxa7 Rxh2 33. f7 Rf8
34. f5+ Kd5 35. Bg7 Rxf7 36. Rxf7 Nxf7 37. Bc4+ 1-0

[Event "54smm A Ehrenburg-Deutschnofen"]
[Site "?"]
[Date "2023.03.11"]
[Round "9.2"]
[White "Jedinger, Andreas"]
[Black "Micheli, Carlo"]
[Result "1-0"]
[WhiteElo "2107"]
[BlackElo "2202"]
[PlyCount "90"]
[EventDate "2023.03.11"]

1. e4 c5 2. Nf3 e6 3. d4 cxd4 4. Nxd4 a6 5. Bd3 Nf6 6. Qe2 d6 7. O-O Nbd7 8. c4
Qc7 9. Nc3 g6 10. f4 Bg7 11. Nf3 O-O 12. Kh1 b6 13. Bd2 Bb7 14. Rac1 Rac8 15.
Rfe1 Qb8 16. Rcd1 Rfe8 17. Bc1 Nc5 18. Bb1 d5 19. e5 Nfe4 20. Nxe4 dxe4 21. Ng5
b5 22. cxb5 axb5 23. Nxe4 Nxe4 24. Bxe4 Bxe4 25. Qxe4 Rc4 26. Qf3 Rec8 27. Be3
Bf8 28. Rd7 Qa8 29. Qxa8 Rxa8 30. a3 b4 31. axb4 Bxb4 32. Red1 Ra2 33. R7d4
Rxd4 34. Bxd4 h6 35. Kg1 g5 36. fxg5 hxg5 37. Kf2 Kg7 38. Kf3 Kg6 39. Ke4 Ra5
40. Rf1 Be7 41. g4 Rb5 42. Kd3 Rb3+ 43. Bc3 Rb5 44. Ra1 Rd5+ 45. Ke4 Rb5 1-0

[Event "54smm A Ehrenburg-Deutschnofen"]
[Site "?"]
[Date "2023.03.11"]
[Round "9.3"]
[White "Gennari, Jacopo"]
[Black "Babinetz, Rainer"]
[Result "1-0"]
[WhiteElo "2113"]
[BlackElo "1933"]
[PlyCount "43"]
[EventDate "2023.03.11"]

1. d4 d5 2. c4 Nc6 3. Nf3 e5 4. Nxe5 Nxe5 5. dxe5 dxc4 6. Qa4+ c6 7. Qxc4 Be6
8. Qc3 Ne7 9. e4 Qc7 10. Be2 Ng6 11. f4 Bd7 12. O-O Be7 13. Be3 O-O 14. Nd2
Rad8 15. Nc4 b5 16. Nd6 a6 17. a4 Bxd6 18. exd6 Qxd6 19. Bc5 Nxf4 20. Bf3 Qg6
21. Bxf8 Rxf8 22. Qd2 1-0

[Event "54smm A Ehrenburg-Deutschnofen"]
[Site "?"]
[Date "2023.03.11"]
[Round "9.4"]
[White "Gruber, Alexander"]
[Black "Thurner, Markus"]
[Result "1/2-1/2"]
[WhiteElo "1837"]
[BlackElo "1891"]
[PlyCount "60"]
[EventDate "2023.03.11"]

1. e4 e6 2. d4 d5 3. exd5 exd5 4. Nf3 Bd6 5. Bd3 Nf6 6. O-O O-O 7. Bg5 Bg4 8.
Re1 Nbd7 9. Nbd2 c6 10. c3 Qc7 11. Qc2 Rfe8 12. b4 a5 13. a3 b5 14. Bh4 Bh5 15.
Bg3 Bg6 16. Kf1 a4 17. Rxe8+ Rxe8 18. Re1 Rxe1+ 19. Nxe1 Nh5 20. Bxd6 Qxd6 21.
g3 Nhf6 22. Bxg6 hxg6 23. Nef3 Qe6 24. Qd3 Ne4 25. Kg2 Nxd2 26. Nxd2 Nf6 27.
Kf1 Qh3+ 28. Kg1 Qe6 29. Kf1 Qh3+ 30. Kg1 Qe6 1/2-1/2

[Event "54smm A Ehrenburg-Deutschnofen"]
[Site "?"]
[Date "2023.03.11"]
[Round "9.5"]
[White "Welsch, Ulrich"]
[Black "Mairhofer, Lino"]
[Result "1/2-1/2"]
[WhiteElo "1797"]
[BlackElo "1740"]
[PlyCount "61"]
[EventDate "2023.03.11"]

1. d4 Nf6 2. g3 g6 3. Bg2 d6 4. Nf3 Bg7 5. c4 Nbd7 6. d5 e5 7. dxe6 fxe6 8. Nc3
O-O 9. O-O Qe7 10. Bg5 h6 11. Be3 Ng4 12. Bd2 Nge5 13. b3 c6 14. Qc2 Nxf3+ 15.
Bxf3 Ne5 16. Be4 g5 17. f4 Nf7 18. Rae1 d5 19. Bg6 Bd7 20. Kh1 Nd6 21. e4 d4
22. c5 dxc3 23. cxd6 Qxd6 24. Bxc3 e5 25. f5 Rad8 26. Bh5 c5 27. a4 Bc6 28. Be2
b6 29. Rd1 Qe7 30. g4 Bf6 31. h3 1/2-1/2

[Event "54smm A Ehrenburg-Deutschnofen"]
[Site "?"]
[Date "2023.03.11"]
[Round "9.6"]
[White "Leiter, Thomas"]
[Black "Hofer, Alois"]
[Result "1/2-1/2"]
[WhiteElo "1217"]
[BlackElo "1669"]
[PlyCount "50"]
[EventDate "2023.03.11"]

1. d4 d5 2. Bf4 Bf5 3. Nf3 e6 4. e3 Nf6 5. Nbd2 Bd6 6. Bg3 h6 7. c4 c6 8. Qb3
Bxg3 9. hxg3 Qb6 10. Qxb6 axb6 11. cxd5 exd5 12. Ne5 Na6 13. Bd3 Bxd3 14. Nxd3
Nc7 15. a3 Nb5 16. Rc1 Nd6 17. Ne5 Ke7 18. Ke2 Ra4 19. Rc2 Nfe4 20. Rhc1 Rc8
21. Nxe4 Nxe4 22. Nf3 Kd6 23. Nd2 Nxd2 24. Kxd2 Ra5 25. Kd3 Re8 1/2-1/2

[Event "54smm A Groeden-Merania"]
[Site "?"]
[Date "2023.03.11"]
[Round "9.1"]
[White "Bonagura, Stefano"]
[Black "Moroder, Stephan"]
[Result "0-1"]
[WhiteElo "2213"]
[BlackElo "2146"]
[PlyCount "90"]
[EventDate "2023.03.11"]

1. c4 e5 2. g3 Nf6 3. Bg2 c6 4. d4 e4 5. Nc3 d5 6. Bg5 Bb4 7. Qb3 Bxc3+ 8. bxc3
Nbd7 9. cxd5 cxd5 10. f3 h6 11. Bd2 O-O 12. fxe4 dxe4 13. e3 Nb6 14. c4 Be6 15.
d5 Bg4 16. Rc1 Rc8 17. Ne2 Nbd7 18. Bb4 Nc5 19. Bxc5 Rxc5 20. Nc3 Bf3 21. O-O
Qe7 22. Qa3 Bxg2 23. Kxg2 Re8 24. Nb5 a6 25. Nd4 Qc7 26. Nc6 Nd7 27. Nd4 Ne5
28. Nf5 Nxc4 29. Qc3 f6 30. d6 Qd7 31. Ne7+ Rxe7 32. dxe7 Qxe7 33. Qd4 b5 34.
a4 Kh7 35. axb5 axb5 36. Ra1 Rd5 37. Qc3 Rd3 38. Qe1 Nxe3+ 39. Kh1 Nxf1 40.
Qxf1 Qe5 41. Re1 Qd5 42. Qg2 Rd1 43. Qe2 e3+ 44. Kg1 Rd2 45. Qf1 Rf2 0-1

[Event "54smm A Groeden-Merania"]
[Site "?"]
[Date "2023.03.11"]
[Round "9.2"]
[White "Casadio, Niccolo"]
[Black "Lami, Damiano"]
[Result "1/2-1/2"]
[WhiteElo "2039"]
[BlackElo "2083"]
[PlyCount "131"]
[EventDate "2023.03.11"]

1. e4 e5 2. Nf3 Nf6 3. Nxe5 d6 4. Nf3 Nxe4 5. Nc3 Nf6 6. d4 d5 7. Bg5 Be7 8.
Bd3 O-O 9. Qd2 Ne4 10. Bxe4 dxe4 11. Bxe7 Qxe7 12. Ne5 Rd8 13. O-O-O f6 14. Nc4
Be6 15. Qe2 Qf7 16. Ne3 f5 17. d5 Bd7 18. Nc4 Be8 19. f4 a5 20. Kb1 Ra6 21.
Rhf1 Qf6 22. h3 b5 23. Ne5 Rb6 24. Qe3 b4 25. Ne2 Nd7 26. Nc6 Ra8 27. g4 a4 28.
Ned4 a3 29. b3 g6 30. gxf5 gxf5 31. Rg1+ Kh8 32. Rg5 Bg6 33. Rdg1 Rg8 34. R1g2
h6 35. R5g3 Bf7 36. Rxg8+ Bxg8 37. Qg1 Bf7 38. c4 bxc3 39. Nc2 Nf8 40. Qc5 Ng6
41. Ne5 Nxf4 42. Rg1 Rd6 43. Qxc3 Bxd5 44. Qxc7 Rd8 45. Ne3 Rg8 46. Rd1 Nd3 47.
Nxd3 exd3 48. Qc1 Bxb3 49. Rxd3 Ba4 50. Nd5 Qg7 51. Nc3 Bc6 52. Ka1 Be4 53. Rg3
Qf6 54. Rxg8+ Kxg8 55. Qxa3 f4 56. Qc5 Bf5 57. Qd5+ Be6 58. Qf3 Qd4 59. Kb2 Qe3
60. Qxe3 fxe3 61. Kc2 Bc4 62. Ne4 Kg7 63. Nd6 Bxa2 64. Nf5+ Kg6 65. Nxh6 Kxh6
66. Kd3 1/2-1/2

[Event "54smm A Groeden-Merania"]
[Site "?"]
[Date "2023.03.11"]
[Round "9.3"]
[White "Zuev, Mikhail"]
[Black "Demetz, Rainer"]
[Result "0-1"]
[WhiteElo "1726"]
[BlackElo "2174"]
[PlyCount "80"]
[EventDate "2023.03.11"]

1. d4 Nf6 2. Nf3 e6 3. g3 b6 4. Bg2 Bb7 5. Bg5 d6 6. Nbd2 Nbd7 7. e4 Be7 8. Qe2
e5 9. O-O h6 10. Bxf6 Bxf6 11. d5 O-O 12. c4 a5 13. a4 g6 14. Ne1 Bg7 15. Nd3
f5 16. Rab1 f4 17. Bh3 Nc5 18. Nxc5 bxc5 19. Nf3 Bc8 20. Bxc8 Qxc8 21. Nh4 Kh7
22. f3 Bf6 23. Ng2 h5 24. g4 Rb8 25. h3 Rb4 26. Ra1 Qb7 27. Ra2 Rb8 28. Rb1 Rb3
29. Kf2 Kg7 30. Qc2 hxg4 31. hxg4 Qb4 32. Ke2 Rh8 33. Rf1 Rh2 34. Kd1 Bh4 35.
Qe2 Re3 36. Qc2 Bg3 37. Kc1 Rxf3 38. Qe2 Rxf1+ 39. Qxf1 f3 40. Qxf3 Qxc4+ 0-1

[Event "54smm A Groeden-Merania"]
[Site "?"]
[Date "2023.03.11"]
[Round "9.4"]
[White "Bernardi, Ruben"]
[Black "Battiston, Claudio"]
[Result "1-0"]
[WhiteElo "2032"]
[BlackElo "1806"]
[PlyCount "53"]
[EventDate "2023.03.11"]

1. e4 e5 2. Nf3 Nc6 3. d4 exd4 4. Nxd4 Bc5 5. Nb3 Bb6 6. Nc3 a5 7. Nd5 Ba7 8.
Bb5 Nce7 9. Bf4 Nxd5 10. exd5 Qe7+ 11. Kf1 Nf6 12. Qd3 O-O 13. Re1 Qd8 14. Qf3
c6 15. Be2 Nxd5 16. Bd6 Re8 17. c4 Nf6 18. c5 Ne4 19. Bc4 Nxd6 20. cxd6 Rxe1+
21. Kxe1 Qe8+ 22. Kd1 Qf8 23. Re1 Qxd6+ 24. Nd2 h6 25. Bxf7+ Kh7 26. Qf5+ g6
27. Bxg6+ 1-0

[Event "54smm A Groeden-Merania"]
[Site "?"]
[Date "2023.03.11"]
[Round "9.5"]
[White "Kaserer, Hanspeter"]
[Black "Moroder, Thomas"]
[Result "0-1"]
[WhiteElo "1663"]
[BlackElo "1989"]
[PlyCount "76"]
[EventDate "2023.03.11"]

1. d4 Nf6 2. c4 g6 3. Nc3 Bg7 4. e4 O-O 5. Be2 d6 6. Bg5 h6 7. Bf4 Nfd7 8. Nf3
e5 9. Be3 Nc6 10. d5 Ne7 11. Qd2 Kh7 12. g4 f5 13. gxf5 gxf5 14. exf5 Nxf5 15.
Qc2 Kh8 16. Bd2 Nd4 17. Nxd4 exd4 18. Ne4 Ne5 19. O-O-O Bf5 20. f3 c6 21. Qb3
c5 22. Rhg1 Rf7 23. Ng3 d3 24. Bf1 Bg6 25. Bg2 b5 26. cxb5 Nxf3 27. Bxf3 Rxf3
28. Rgf1 Qf6 29. Rfe1 c4 30. Qa3 Qd4 31. Re6 Rf6 32. Re7 Qxd5 33. Rxg7 Kxg7 34.
Bc3 Qg5+ 35. Rd2 Kh7 36. Bxf6 Qxf6 37. Qa6 Qe7 38. Qc6 Qe1+ 0-1

[Event "54smm A Groeden-Merania"]
[Site "?"]
[Date "2023.03.11"]
[Round "9.6"]
[White "Grossi, Christian"]
[Black "Klotzner, Jakob"]
[Result "1-0"]
[WhiteElo "1885"]
[BlackElo "1444"]
[PlyCount "79"]
[EventDate "2023.03.11"]

1. d4 d5 2. Nf3 Nf6 3. c4 c6 4. Nc3 e6 5. Bg5 Be7 6. e3 O-O 7. Bd3 dxc4 8. Bxc4
Nbd7 9. O-O a6 10. Rc1 b5 11. Bd3 Bb7 12. Bxf6 Nxf6 13. Ne4 Rc8 14. Nc5 Bxc5
15. dxc5 Qd5 16. Qc2 Rfd8 17. Rfd1 Qh5 18. Rd2 Nd5 19. Rcd1 Kf8 20. Be2 Ke7 21.
e4 Nf6 22. Rxd8 Rxd8 23. Rxd8 Kxd8 24. Qd3+ Kc8 25. b4 Qh6 26. Ne5 Qf4 27. Nxf7
Qc7 28. Nd6+ Kb8 29. a3 Bc8 30. e5 Nd5 31. Qxh7 a5 32. Qh4 axb4 33. axb4 Qa7
34. Nxc8 Kxc8 35. Qh8+ Kd7 36. Qxg7+ Ne7 37. h4 Qa1+ 38. Bf1 Qd4 39. h5 Ke8 40.
h6 1-0

[Event "54smm A Klausen-Brixen/Milland"]
[Site "?"]
[Date "2023.03.11"]
[Round "9.1"]
[White "Brenninger, Daniel"]
[Black "Schacher, Gerd"]
[Result "1/2-1/2"]
[WhiteElo "2101"]
[BlackElo "2298"]
[PlyCount "20"]
[EventDate "2023.03.11"]

1. d4 g6 2. c4 Bg7 3. e4 c5 4. d5 d6 5. Bd3 Nf6 6. Nc3 O-O 7. Nge2 e6 8. O-O
exd5 9. exd5 Nbd7 10. f4 Ne8 1/2-1/2

[Event "54smm A Klausen-Brixen/Milland"]
[Site "?"]
[Date "2023.03.11"]
[Round "9.2"]
[White "Seebacher, Michael"]
[Black "Sader, Michael"]
[Result "1/2-1/2"]
[WhiteElo "2056"]
[BlackElo "2092"]
[PlyCount "27"]
[EventDate "2023.03.11"]

1. e4 c5 2. d4 cxd4 3. c3 d3 4. Bxd3 d6 5. f4 e6 6. Nf3 a6 7. g4 b6 8. Be3 Nd7
9. Nbd2 Qc7 10. O-O Ngf6 11. h3 Bb7 12. Bc2 Be7 13. Qe2 e5 14. f5 1/2-1/2

[Event "54smm A Klausen-Brixen/Milland"]
[Site "?"]
[Date "2023.03.11"]
[Round "9.3"]
[White "Kofler, Thomas"]
[Black "Haller, Quentin"]
[Result "0-1"]
[WhiteElo "1954"]
[BlackElo "1997"]
[PlyCount "138"]
[EventDate "2023.03.11"]

1. c4 g6 2. g3 Bg7 3. Bg2 c5 4. Nc3 Nc6 5. d3 Nf6 6. e4 d6 7. Nge2 Bd7 8. O-O
Qc8 9. Nd5 O-O 10. Rb1 Nxd5 11. cxd5 Nd4 12. Bg5 Re8 13. Qd2 b6 14. Nxd4 Bxd4
15. Be3 Bg7 16. f4 Qa6 17. b3 f5 18. Rf2 e6 19. dxe6 Bxe6 20. exf5 Bxf5 21.
Bxa8 Rxa8 22. Re1 Re8 23. g4 Bxg4 24. Rg2 h5 25. Bf2 Rxe1+ 26. Bxe1 Qb7 27. Rg3
Qd5 28. Bf2 Bf5 29. Re3 Kf7 30. Qe1 Be6 31. Qf1 Bd4 32. Rg3 h4 33. Rg5 Bf5 34.
h3 Bf6 35. Bxh4 Bxg5 36. fxg5 Qxd3 37. Qxd3 Bxd3 38. Bg3 Ke6 39. Kf2 b5 40. Ke3
Bf5 41. a3 Bxh3 42. b4 Kd5 43. Kd3 Kc6 44. Bf2 Bf5+ 45. Kc3 Kb6 46. Bg3 Kc6 47.
Bf2 a5 48. Be3 Kd5 49. Bf4 cxb4+ 50. axb4 a4 51. Bg3 Bh3 52. Bf4 Bf1 53. Bg3
Bc4 54. Kb2 Ke6 55. Bf4 Kf5 56. Bc1 Ke4 57. Kc3 d5 58. Kd2 Bb3 59. Bb2 d4 60.
Ke2 Bc4+ 61. Kd2 Kf5 62. Bxd4 Kxg5 63. Ke3 a3 64. Ke4 a2 65. Be5 Kg4 66. Ke3
Kf5 67. Bg7 g5 68. Kf3 g4+ 69. Kg3 Ke4 0-1

[Event "54smm A Klausen-Brixen/Milland"]
[Site "?"]
[Date "2023.03.11"]
[Round "9.4"]
[White "Seebacher, Reinhard"]
[Black "Wisthaler, Lukas"]
[Result "1/2-1/2"]
[WhiteElo "1908"]
[BlackElo "1855"]
[PlyCount "90"]
[EventDate "2023.03.11"]

1. Nf3 d5 2. d4 Nf6 3. Bf4 c6 4. Nbd2 Bf5 5. e3 e6 6. c4 Nbd7 7. Be2 Be7 8. Nh4
Bg6 9. O-O Nh5 10. Bxh5 Bxh4 11. b4 O-O 12. Bxg6 hxg6 13. Rb1 Bf6 14. b5 e5 15.
dxe5 Nxe5 16. Bxe5 Bxe5 17. bxc6 bxc6 18. Nf3 Bf6 19. cxd5 Qxd5 20. Qxd5 cxd5
21. Rfd1 Rab8 22. g4 Rxb1 23. Rxb1 Rd8 24. g5 Bc3 25. Rb7 a5 26. Rb5 Kf8 27.
Nd4 Rd6 28. a4 Ke7 29. Kg2 Rd7 30. Nc6+ Kd6 31. Nxa5 Ra7 32. Nb7+ Kc6 33. Nd8+
Kd6 34. Rb3 d4 35. exd4 Bxd4 36. Rd3 Rxa4 37. Nxf7+ Ke6 38. Rf3 Ra5 39. h4 Rf5
40. Nh8 Rxf3 41. Kxf3 Kf5 42. Kg3 Be5+ 43. Kf3 Bb8 44. Nf7 Bc7 45. Nh8 Bb8
1/2-1/2

[Event "54smm A Klausen-Brixen/Milland"]
[Site "?"]
[Date "2023.03.11"]
[Round "9.5"]
[White "Paulmichl, Martin"]
[Black "Schrott, Karl"]
[Result "0-1"]
[WhiteElo "1868"]
[BlackElo "1959"]
[PlyCount "92"]
[EventDate "2023.03.11"]

1. d4 d5 2. Nc3 Nf6 3. Bf4 Bf5 4. f3 e6 5. g4 Bg6 6. h4 h6 7. e3 a6 8. h5 Bh7
9. Bd3 Bxd3 10. Qxd3 Nc6 11. Nge2 Bd6 12. O-O-O Bxf4 13. Nxf4 Qd6 14. Kb1 O-O-O
15. a3 Kb8 16. Qe2 Nd7 17. Nd3 Rhe8 18. f4 f6 19. Qg2 Nb6 20. Rhe1 e5 21. dxe5
fxe5 22. fxe5 Nxe5 23. Nf4 c6 24. e4 d4 25. Nfe2 c5 26. Nf4 Nbc4 27. Ncd5 Qd7
28. Nd3 Qb5 29. Ka2 Rd7 30. b3 Nxd3 31. cxd3 Ne5 32. Qg3 Ka7 33. Rf1 Qc6 34.
Rf5 Qd6 35. Rdf1 a5 36. a4 Qe6 37. Qe1 Qa6 38. Nf4 Nxg4 39. Rxc5 Ne3 40. Rg1 b6
41. Rc6 Rf8 42. Qc1 Rxf4 43. Rc7+ Kb8 44. Rxd7 Rf2+ 45. Ka1 Nc2+ 46. Kb2 Nb4+
0-1

[Event "54smm A Klausen-Brixen/Milland"]
[Site "?"]
[Date "2023.03.11"]
[Round "9.6"]
[White "Schrott, Johann"]
[Black "Hellweg, Stephan"]
[Result "1-0"]
[WhiteElo "1813"]
[BlackElo "1772"]
[PlyCount "123"]
[EventDate "2023.03.11"]

1. e4 e5 2. Nf3 Nc6 3. Bb5 a6 4. Ba4 Nf6 5. O-O d6 6. Re1 Be7 7. c3 Bg4 8. h3
Bh5 9. d3 h6 10. Be3 O-O 11. Nbd2 b5 12. Bc2 Nh7 13. d4 Bg5 14. d5 Bxe3 15.
Rxe3 Bxf3 16. Nxf3 Ne7 17. Nh2 Ng6 18. a4 Qd7 19. Nf1 Nf6 20. Ng3 Ne7 21. Rf3
Nh7 22. h4 Qg4 23. h5 Nf6 24. Rd3 Qxd1+ 25. Rdxd1 Nd7 26. b4 Rfb8 27. Bd3 bxa4
28. Rxa4 Rb6 29. Rda1 c6 30. dxc6 Rxc6 31. Bb5 Rc7 32. Bxd7 Rxd7 33. Rxa6 Rc8
34. Ne2 f5 35. f3 fxe4 36. fxe4 Rc4 37. Ra7 Rxa7 38. Rxa7 Kf7 39. b5 Rc8 40.
Kf2 Kf6 41. Ke3 Rc5 42. Rb7 d5 43. exd5 Nxd5+ 44. Kd3 Rc8 45. Rd7 Ne7 46. Rd6+
Kf7 47. g4 Rc5 48. c4 g6 49. Ng3 gxh5 50. Nxh5 Ng8 51. b6 Rc8 52. b7 Rb8 53.
Rb6 Ke7 54. Ke4 Kd7 55. Kxe5 Kc7 56. c5 Ne7 57. Nf6 Nc6+ 58. Ke6 Nd8+ 59. Kf5
Nxb7 60. Nd5+ Kc8 61. Rxh6 Nxc5 62. Rc6+ 1-0

[Event "54smm A Richter/Lask-Kaltern/Tramin"]
[Site "?"]
[Date "2023.03.11"]
[Round "9.2"]
[White "Bodrov, Timofey"]
[Black "Comai, Samuele"]
[Result "1-0"]
[WhiteElo "2104"]
[BlackElo "1920"]
[PlyCount "81"]
[EventDate "2023.03.11"]

1. e4 d5 2. exd5 Nf6 3. c4 e6 4. Nf3 exd5 5. cxd5 Nxd5 6. Nc3 Be7 7. Bc4 Nb6 8.
Bb3 O-O 9. O-O Bg4 10. h3 Bh5 11. d4 Nc6 12. g4 Bg6 13. a3 Bf6 14. Be3 Na5 15.
Ba2 Nac4 16. Bc1 Re8 17. Kg2 h6 18. Rh1 Rc8 19. Qf1 c5 20. d5 Ne5 21. Nxe5 Bxe5
22. Bd2 c4 23. Bb1 Bxb1 24. Rxb1 Nxd5 25. Rd1 Bxc3 26. Bxc3 Nf4+ 27. Kf3 Qc7
28. Rd2 g5 29. h4 Qc6+ 30. Kg3 Ne2+ 31. Rxe2 Rxe2 32. hxg5 Qd6+ 33. Kg2 Qd5+
34. Kg1 Qe4 35. Rxh6 f6 36. Qh3 Qb1+ 37. Kg2 Qe4+ 38. Kf1 Re8 39. Rh8+ Kf7 40.
Qh5+ Qg6 41. Rh7+ 1-0

[Event "54smm A Richter/Lask-Kaltern/Tramin"]
[Site "?"]
[Date "2023.03.11"]
[Round "9.3"]
[White "Maier, Fridolin"]
[Black "Bevilacqua, Maurizio"]
[Result "1-0"]
[WhiteElo "1758"]
[BlackElo "2084"]
[PlyCount "61"]
[EventDate "2023.03.11"]

1. e4 c5 2. Nc3 Nc6 3. f4 g6 4. Nf3 Bg7 5. Bb5 Nd4 6. d3 a6 7. Bc4 e6 8. e5 d5
9. exd6 Qxd6 10. Ne4 Qc7 11. O-O Ne7 12. c3 Ndf5 13. g4 Nd6 14. Bb3 O-O 15. Qe1
b6 16. Qh4 Nxe4 17. dxe4 c4 18. Bc2 Qc5+ 19. Rf2 f6 20. b4 Qc7 21. Be3 Bb7 22.
Nd4 Qc8 23. f5 exf5 24. gxf5 Rf7 25. Raf1 Qe8 26. Bh6 Kh8 27. Ne6 Bxh6 28. Qxh6
Qc6 29. fxg6 Nxg6 30. Rxf6 Rxf6 31. Qg7# 1-0

[Event "54smm A Richter/Lask-Kaltern/Tramin"]
[Site "?"]
[Date "2023.03.11"]
[Round "9.4"]
[White "Billio, Atto"]
[Black "Thaler, Elmar"]
[Result "1-0"]
[WhiteElo "2021"]
[BlackElo "1763"]
[PlyCount "53"]
[EventDate "2023.03.11"]

1. c4 Nf6 2. Nc3 g6 3. g3 c6 4. Bg2 Bg7 5. e4 O-O 6. Nge2 e5 7. O-O d6 8. d4
exd4 9. Nxd4 Be6 10. Nxe6 fxe6 11. Be3 Qe7 12. Qe2 Nbd7 13. Rfd1 Ne5 14. h3
Rfd8 15. Rac1 Nf7 16. b4 Nd7 17. f4 a5 18. b5 Bxc3 19. Rxc3 c5 20. e5 Ra7 21.
exd6 Nxd6 22. Rcd3 Nf5 23. Bf2 b6 24. Bc6 Kf7 25. g4 Ng7 26. Qe1 h5 27. Bh4 1-0

[Event "54smm A Richter/Lask-Kaltern/Tramin"]
[Site "?"]
[Date "2023.03.11"]
[Round "9.5"]
[White "Martinelli, Michele"]
[Black "Pardeller, Arthur"]
[Result "1/2-1/2"]
[WhiteElo "1704"]
[BlackElo "1534"]
[PlyCount "64"]
[EventDate "2023.03.11"]

1. e4 c5 2. Nf3 Nc6 3. d3 e6 4. g3 Nf6 5. Bg2 d5 6. Nbd2 Be7 7. O-O O-O 8. Re1
dxe4 9. Nxe4 Nxe4 10. Rxe4 b6 11. Ne5 Bb7 12. Re1 Na5 13. Bxb7 Nxb7 14. Nc6 Qc7
15. Nxe7+ Qxe7 16. Qe2 Nd6 17. g4 h6 18. a4 Qf6 19. Rb1 Qg6 20. Kh1 Ne8 21. Qe4
Qxe4+ 22. dxe4 Nf6 23. f3 Rfd8 24. g5 hxg5 25. Bxg5 Rd4 26. b3 Nh7 27. Be3 Rd7
28. Kg2 Rad8 29. Kf2 Nf8 30. Ke2 Ng6 31. Rbd1 Ne5 32. Rxd7 Rxd7 1/2-1/2

[Event "54smm A Richter/Lask-Kaltern/Tramin"]
[Site "?"]
[Date "2023.03.11"]
[Round "9.6"]
[White "Unterweger, Christian"]
[Black "Unterkofler, Alex"]
[Result "1/2-1/2"]
[WhiteElo "1204"]
[BlackElo "1751"]
[PlyCount "64"]
[EventDate "2023.03.11"]

1. d4 Nf6 2. Nf3 g6 3. c4 Bg7 4. Nc3 d5 5. Qb3 dxc4 6. Qxc4 O-O 7. e4 c5 8.
Qxc5 b6 9. Qa3 Bg4 10. Be3 Nc6 11. e5 Nd5 12. Be2 Ncb4 13. Rc1 Rc8 14. O-O a5
15. Nxd5 Qxd5 16. Qb3 Qxb3 17. axb3 Rfd8 18. h3 Bf5 19. Rfd1 Bc2 20. Re1 Bxb3
21. Nd2 Be6 22. Nc4 Nd5 23. b3 Rc7 24. Bf3 Nxe3 25. fxe3 Bh6 26. Kf2 a4 27.
Nxb6 Rxc1 28. Rxc1 Bxb3 29. Bd1 Rb8 30. Nxa4 Bxa4 31. Bxa4 Rb2+ 32. Kf3 Bf8
1/2-1/2

[Event "54smm B Groeden2-Merania2"]
[Site "?"]
[Date "2023.03.11"]
[Round "9.1"]
[White "Zappi, Adriano"]
[Black "Casadio, Lorenzo"]
[Result "0-1"]
[WhiteElo "1495"]
[BlackElo "1828"]
[PlyCount "88"]
[EventDate "2023.03.11"]

1. d4 Nf6 2. Bf4 d5 3. e3 c5 4. c3 Nc6 5. h3 Bf5 6. dxc5 e5 7. Bg3 Bxc5 8. Bb5
Bd6 9. Nf3 Qc7 10. O-O O-O 11. Bxc6 bxc6 12. Nbd2 Rab8 13. b3 Rfe8 14. c4 Bd3
15. Re1 e4 16. Bxd6 Qxd6 17. Nd4 Nd7 18. cxd5 cxd5 19. Rc1 Ne5 20. Nf1 Bb5 21.
Nxb5 Rxb5 22. Re2 Nd3 23. Rc3 Rb7 24. Rec2 Rbe7 25. Ng3 Qe5 26. Ne2 Nb4 27. Rd2
f5 28. Nd4 Rd7 29. a3 Nd3 30. Rdc2 f4 31. Qg4 Rf7 32. Nc6 Qf6 33. exf4 Nxf4 34.
Rg3 d4 35. Qg5 d3 36. Ne7+ Qxe7 37. Qxe7 Rfxe7 38. Rd2 Ne2+ 39. Rxe2 dxe2 40.
Re3 Rb7 41. b4 Rd7 42. Rxe2 Rd1+ 43. Kh2 Rd3 44. f3 Rxa3 0-1

[Event "54smm B Groeden2-Merania2"]
[Site "?"]
[Date "2023.03.11"]
[Round "9.2"]
[White "Alam, Syed Mahbubul"]
[Black "Tomisich, Claudio"]
[Result "1-0"]
[WhiteElo "1955"]
[BlackElo "1510"]
[PlyCount "57"]
[EventDate "2023.03.11"]

1. e4 e6 2. d4 d5 3. exd5 exd5 4. Nf3 Nf6 5. Bg5 Bd6 6. Bd3 Qe7+ 7. Be2 O-O 8.
O-O h6 9. Bh4 Be6 10. Nc3 c6 11. Ne5 Nbd7 12. f4 Bf5 13. Bd3 Bxd3 14. Qxd3 Qe8
15. Rae1 Qc8 16. Ne2 Ne4 17. c4 Ndf6 18. Bxf6 Nxf6 19. Ng3 dxc4 20. Nxc4 Qc7
21. Nf5 Bb4 22. Re3 Kh8 23. a3 Ba5 24. Re7 Qd8 25. Ncd6 Kg8 26. Qg3 Nh5 27. Qg4
g6 28. Nxf7 Rxf7 29. Qxg6+ 1-0

[Event "54smm B Groeden2-Merania2"]
[Site "?"]
[Date "2023.03.11"]
[Round "9.4"]
[White "Knottner, Klaus"]
[Black "Avolio, Luca"]
[Result "1-0"]
[WhiteElo "1642"]
[BlackElo "1031"]
[PlyCount "105"]
[EventDate "2023.03.11"]

1. e4 e5 2. Nf3 Nc6 3. Bb5 Nf6 4. O-O Be7 5. Re1 O-O 6. c3 d6 7. h3 Be6 8. d4
h6 9. d5 Bxd5 10. exd5 Nb8 11. c4 a6 12. Ba4 c6 13. Nc3 cxd5 14. cxd5 Nbd7 15.
Bc2 Rc8 16. a3 Qc7 17. Bd3 Nc5 18. Bf5 Rcd8 19. Bd2 b5 20. Rc1 Qb7 21. b4 Ncd7
22. Be3 Nb6 23. Bxb6 Qxb6 24. Nd2 g6 25. Bb1 Kg7 26. Nb3 Nh5 27. Ne4 f5 28. Rc6
Qa7 29. Ned2 Ng3 30. Nf3 e4 31. Nfd4 Nh5 32. Ne6+ Kf7 33. Nbd4 Bf6 34. Rc7+
Qxc7 35. Nxc7 Rc8 36. Nce6 Rfe8 37. Re3 Rc4 38. Ba2 Rcc8 39. Nxf5 Ng7 40. Nxh6+
Ke7 41. Rxe4 Kd7 42. Ng4 Bb2 43. Qf3 Rc1+ 44. Kh2 Nxe6 45. dxe6+ Rxe6 46. Bxe6+
Kc7 47. Qf7+ Kb6 48. Bd5 Be5+ 49. f4 Rc7 50. Qxg6 Bb2 51. Qxd6+ Rc6 52. Qxc6+
Ka7 53. Qb7# 1-0

[Event "54smm B Groeden3-Steinegg"]
[Site "?"]
[Date "2023.03.11"]
[Round "9.1"]
[White "Engl, Stefan"]
[Black "Klassen, Tobias"]
[Result "1-0"]
[WhiteElo "1980"]
[BlackElo "1308"]
[PlyCount "45"]
[EventDate "2023.03.11"]

1. e4 a6 2. d4 e6 3. Nf3 b5 4. Bd3 Bb7 5. O-O d5 6. exd5 Bxd5 7. Nc3 Bb7 8. Qe2
Nf6 9. Bg5 Be7 10. Rad1 O-O 11. Rfe1 Re8 12. Ne5 c5 13. Bxf6 Bxf6 14. Bxh7+ Kf8
15. Nxf7 Qc7 16. Ne5 Bxe5 17. dxe5 Nc6 18. Bg6 Nd4 19. Qh5 Ke7 20. Qh4+ Kd7 21.
Rxd4+ cxd4 22. Qxd4+ Ke7 23. Qh4+ 1-0